<?xml version="1.0" encoding="UTF-8"?>
<record
    xmlns:xsi="http://www.w3.org/2001/XMLSchema-instance"
    xsi:schemaLocation="http://www.loc.gov/MARC21/slim http://www.loc.gov/standards/marcxml/schema/MARC21slim.xsd"
    xmlns="http://www.loc.gov/MARC21/slim">

  <leader>01225nam a2200205 a 4500</leader>
  <controlfield tag="001">000045712</controlfield>
  <controlfield tag="005">20201002052412.0</controlfield>
  <controlfield tag="008">150430s2003    dr a          000 0 spa d</controlfield>
  <datafield tag="040" ind1=" " ind2=" ">
    <subfield code="a">DO-SdBNP</subfield>
    <subfield code="b">spa</subfield>
    <subfield code="c">BNPHU</subfield>
  </datafield>
  <datafield tag="082" ind1=" " ind2=" ">
    <subfield code="a">xxxx</subfield>
    <subfield code="b">xxxx</subfield>
  </datafield>
  <datafield tag="100" ind1="1" ind2=" ">
    <subfield code="a">Valentin Batlle, Teresa</subfield>
    <subfield code="9">73766</subfield>
  </datafield>
  <datafield tag="245" ind1="1" ind2="0">
    <subfield code="a">Saboreando la palabra :</subfield>
    <subfield code="b">fundamentos antropol&#xF3;gicos, psicol&#xF3;gicos y teol&#xF3;gicos de la oraci&#xF3;n /</subfield>
    <subfield code="c">Teresa Valent&#xED; Batlle ; presentaci&#xF3;n Mons. Jos&#xE9; Francisco Arnaiz S.J.</subfield>
  </datafield>
  <datafield tag="260" ind1=" " ind2=" ">
    <subfield code="a">Santo Domingo :</subfield>
    <subfield code="b">Amigo del Hogar,</subfield>
    <subfield code="c">2003.</subfield>
  </datafield>
  <datafield tag="300" ind1=" " ind2=" ">
    <subfield code="a">219 p. :</subfield>
    <subfield code="b">il. ;</subfield>
    <subfield code="c">22 cm.</subfield>
  </datafield>
  <datafield tag="490" ind1="1" ind2=" ">
    <subfield code="a">Psicolog&#xED;a y espiritualidad</subfield>
    <subfield code="v">9</subfield>
  </datafield>
  <datafield tag="500" ind1=" " ind2=" ">
    <subfield code="a">Incluye datos biogr&#xE1;ficos de la autora en la solapa de la cubierta.</subfield>
  </datafield>
  <datafield tag="505" ind1="0" ind2=" ">
    <subfield code="a">Procesos creador de Dios --</subfield>
    <subfield code="t">Transformaci&#xF3;n interior de un coraz&#xF3;n apasionado --</subfield>
    <subfield code="t">Compresi&#xF3;n cristiana de la corporeidad --</subfield>
    <subfield code="t">Elementos que pueden ayudar a la experiencia de unificaci&#xF3;n --</subfield>
    <subfield code="t">Conocimiento de s&#xED; --</subfield>
    <subfield code="t">Experiencia desde la ausencia de Dios --</subfield>
    <subfield code="t">Amor radical y padecimiento --</subfield>
    <subfield code="t">La gratuidad de lo mon&#xE1;stico &#xBF;Qui&#xE9;nes son los monjes? --</subfield>
    <subfield code="t">Ojos nuevos para ver --</subfield>
    <subfield code="t">Las mujeres en la Biblia --</subfield>
  </datafield>
  <datafield tag="700" ind1="1" ind2="2">
    <subfield code="a">Arn&#xE1;iz, Jos&#xE9; Francisco,</subfield>
    <subfield code="e">present.</subfield>
    <subfield code="9">6505</subfield>
  </datafield>
  <datafield tag="830" ind1=" " ind2="0">
    <subfield code="a">Psicolog&#xED;a y espiritualidad ;</subfield>
    <subfield code="n">9</subfield>
    <subfield code="9">73767</subfield>
  </datafield>
  <datafield tag="952" ind1=" " ind2=" ">
    <subfield code="0">0</subfield>
    <subfield code="1">0</subfield>
    <subfield code="7">1</subfield>
    <subfield code="8">PD</subfield>
    <subfield code="a">GR</subfield>
    <subfield code="b">GR</subfield>
    <subfield code="c">HD</subfield>
    <subfield code="d">2015-04-30</subfield>
    <subfield code="i">LF1</subfield>
    <subfield code="l">0</subfield>
    <subfield code="o">xxxx xxxx</subfield>
    <subfield code="p">45712-10</subfield>
    <subfield code="r">2020-06-25</subfield>
    <subfield code="w">2020-06-25</subfield>
    <subfield code="y">LFPD</subfield>
    <subfield code="Z">No se presta</subfield>
  </datafield>
  <datafield tag="952" ind1=" " ind2=" ">
    <subfield code="0">0</subfield>
    <subfield code="1">0</subfield>
    <subfield code="7">1</subfield>
    <subfield code="8">PD</subfield>
    <subfield code="a">GR</subfield>
    <subfield code="b">GR</subfield>
    <subfield code="c">HD</subfield>
    <subfield code="d">2015-04-30</subfield>
    <subfield code="i">LF1</subfield>
    <subfield code="l">0</subfield>
    <subfield code="o">xxxx xxxx</subfield>
    <subfield code="p">45712-20</subfield>
    <subfield code="r">2020-06-25</subfield>
    <subfield code="t">e. 2</subfield>
    <subfield code="w">2020-06-25</subfield>
    <subfield code="y">LFPD</subfield>
    <subfield code="Z">No se presta</subfield>
  </datafield>
  <datafield tag="999" ind1=" " ind2=" ">
    <subfield code="c">45201</subfield>
    <subfield code="d">45201</subfield>
  </datafield>
</record>
